| 000 | 00690nam a2200217 a 4500 | ||
|---|---|---|---|
| 005 | 20240514063720.0 | ||
| 008 | 140620s2001 mx r 000 0 spa d | ||
| 020 | _a9500826321 | ||
| 035 | _aUPN01000198156 | ||
| 049 | _aI | ||
| 050 | 4 |
_aPZ75 _bB6.38 |
|
| 100 | 1 |
_aBoetto, Aldo _935547 |
|
| 245 | 1 | 3 |
_aLa curiosa Aylén visita a su futuro hermanito / _cAldo Boetto ; il. por Poly Bernatene. |
| 260 |
_aBuenos Aires : _bAtlántida, _c2001. |
||
| 300 |
_a[33] p. _bil. col. |
||
| 440 | 0 |
_aAtlántida mini. _pA partir de 5 años |
|
| 650 | 4 |
_aLiteratura infantil argentina _97511 |
|
| 650 | 4 |
_aHermanos y hermanas _vLiteratura infantil _98964 |
|
| 905 | _aInfantil | ||
| 999 |
_c170257 _d170257 |
||